000 00586cam a22001932 4500
001 0000006018
005 20151217145828.0
008 070912s xx 000 0 eng d
020 _a0070594252 :
_cKES 2,800
040 _aKABU
_cKABU
100 1 _aLoney, Kevin.
_@0000157370
245 1 0 _aOracle database log :
_bthe complete reference /
_cKevin Loney.
260 _aNew Delhi :
_bTata McGraw-Hill,
_c2004.
300 _axvi, 1381 p.
650 0 _aOracle (Computer file)
_@0000154498
908 _a070912
950 _@1
999 _c3025
_d3025